000 01466nam a2200325 a 4500
001 ebr10645249
003 CaPaEBR
006 m u
007 cr cn|||||||||
008 130124s2013 njua s 001 0 eng d
010 _z 2012945682
020 _z9781118460825 (pbk.)
020 _z9781118460887 (e-book)
040 _aCaPaEBR
_cCaPaEBR
035 _a(OCoLC)828737002
050 1 4 _aQC174.12
_b.H65 2013eb
082 0 4 _a539
_223
100 1 _aHolzner, Steven.
245 1 0 _aQuantum physics for dummies
_h[electronic resource] /
_cby Steven Holzner.
250 _aRev. ed.
260 _aHoboken, N.J. :
_bJohn Wiley & Sons, Inc.,
_c2013.
300 _axiv, 318 p. :
_bill.
500 _aIncludes index.
505 0 _apt. I. Small world, huh? : essential quantum physics -- pt. II. Bound and undetermined : handling particles in bound states -- pt. III. Turning to angular momentum and spin -- pt. IV. Multiple dimensions : going 3D with quantum physics -- pt. V. Group dynamics : introducing multiple particles -- pt. VI. The part of tens.
533 _aElectronic reproduction.
_bPalo Alto, Calif. :
_cebrary,
_d2013.
_nAvailable via World Wide Web.
_nAccess may be limited to ebrary affiliated libraries.
650 0 _aQuantum theory.
655 7 _aElectronic books.
_2local
710 2 _aebrary, Inc.
856 4 0 _uhttp://site.ebrary.com/lib/rucke/Doc?id=10645249
_zAn electronic book accessible through the World Wide Web; click to view
999 _c42924
_d42924